Hradčanské písničky /

Hlavní autor: Procházka, František Serafínský, 1861-1939
Jazyk: Čeština
Vydáno: Praha : Vilímek, [1904]
Vydání: Vyd. 8., neilustr. 2. vyd.
Fyzický popis: 72, 2 s. ; 4°
Knihy
Uloženo v:
LEADER 00727nam a22002292a 4500
001 001436660
003 CZ BrMZK
005 20141112113438.0
007 ta
008 141112s1904 xr er|||||||||||cze d
015 |a cnb000699102 
040 |a ABA001  |b cze  |c HKA001  |d ABA001  |d BOA001 
100 1 |a Procházka, František Serafínský,  |d 1861-1939  |7 jk01101127  |4 aut 
245 1 0 |a Hradčanské písničky /  |c František Serafínský Procházka 
250 |a Vyd. 8., neilustr. 2. vyd. 
260 |a Praha :  |b Vilímek,  |c [1904] 
300 |a 72, 2 s. ;  |c 4° 
910 |a BOA001  |b 2-0344.181 
990 |a BK 
993 |a Y 
991 |b 201411 
996 6 |b 2618982930  |c 2-0344.181  |l MZK  |r Sklad / do 24 hodin  |n 0  |w 001471434  |u 000010  |a 1  |e BOA001  |j MZK50  |s P